Sistema integral de recibo y control de calidad en el almacén central de materiales del Instituto Costarricense de Electricidad
Na minha lista:
| Autor principal: | |
|---|---|
| Formato: | Livro |
| Publicado em: |
San José, Costa Rica
1986
|
| Assuntos: | |
| Tags: |
Adicionar Tag
Sem tags, seja o primeiro a adicionar uma tag!
|
MARC
| LEADER | 00000nam a2200000Ia 4500 | ||
|---|---|---|---|
| 003 | 007205 | ||
| 005 | 20221231144311.0 | ||
| 008 | 140114s1986 cr a m 000 ||s d | ||
| 040 | |c cru CEDI | ||
| 090 | |a TFG 2949 | ||
| 100 | |a Gil León, Alejandro |9 11785 | ||
| 245 | |a Sistema integral de recibo y control de calidad en el almacén central de materiales del Instituto Costarricense de Electricidad | ||
| 260 | |c 1986 |a San José, Costa Rica | ||
| 300 | |a 183 hojas : ilustraciones | ||
| 500 | |a Proyecto de graduación (licenciatura en ingeniería industrial)--Universidad de Costa Rica. Facultad de Ingeniería. Escuela de Ingeniería Industrial | ||
| 650 | |x LinkINSTITUTO COSTARRICENSE DE ELECTRICIDAD.. OFICINA DE ALMACENES |x CONTROL DE CALIDAD |9 11786 | ||
| 942 | |c TFG | ||
| 999 | |c 19795 |d 19795 | ||
